Lógica y nociones de teoría del conocimiento
Saved in:
| Main Authors: | , |
|---|---|
| Format: | Book |
| Language: | Spanish |
| Published: |
Buenos Aires
Espasa-Calpe
1948
|
| Edition: | 11a. ed |
| Subjects: | |
| Tags: |
Add Tag
No Tags, Be the first to tag this record!
|
MARC
| LEADER | 00000nam a2200000 a 4500 | ||
|---|---|---|---|
| 001 | UCZ4568 | ||
| 003 | CL-VaPUC | ||
| 008 | 951110e19480000AG |||||||||||||||||spa|d | ||
| 082 | 0 | 4 | |a 160 |b ROM |2 21 |
| 100 | 0 | |a Romero, Francisco |e author |9 348572 | |
| 700 | 0 | |a Pucciarelli, Eugenio |e author |9 348573 | |
| 245 | 1 | 0 | |a Lógica y nociones de teoría del conocimiento |
| 250 | |a 11a. ed | ||
| 300 | |a 267 p | ||
| 942 | |c BK | ||
| 945 | |d 19951110 00:00:00 |a cmena | ||
| 260 | |a Buenos Aires |b Espasa-Calpe |c 1948 | ||
| 650 | 0 | |a Lógica |9 256849 | |
| 650 | 0 | |a Teoría del conocimiento |9 255038 | |
| 650 | 0 | |a Epistemología |9 264994 | |
| 650 | 0 | |a Cognición |9 270347 | |
| 650 | 0 | |a Filosofía de las ciencias |9 256466 | |
| 650 | 0 | |a Matemática |9 260235 | |
| 650 | 0 | |a Filosofía del espíritu |9 320175 | |
| 650 | 0 | |a Ciencias naturales |9 260542 | |
| 583 | |a last modification |c 19951110 00:00:00 |k Rodrigo Vera | ||
| 999 | |c 240938 |d 240936 | ||
| 952 | |0 0 |1 0 |4 0 |6 160_000000000000000_ROM_1948 |7 0 |8 P |9 253065 |a BIBEDU |b BIBEDU |c BIBEDU_PB |d 2019-11-19 |i 1595954 |o 160 ROM 1948 |p 1595954 |r 2024-01-25 |w 2019-11-19 |y BK |k FIL | ||